| 000 | 00873cam a2200301 4500 | ||
|---|---|---|---|
| 001 | ABS66590 | ||
| 008 | 030424n2003 000 0 eng u | ||
| 035 | _a(Sirsi) u122072 | ||
| 245 | _aRegional survey: London boroughs west | ||
| 260 | _c2003 | ||
| 490 |
_aProperty Week _v68(10) 7 March 2003, 67-84(6) |
||
| 590 | _aABS | ||
| 650 | _aHAMMERSMITH | ||
| 650 | _aOFFICE TAKE-UP | ||
| 650 | _aGREATER LONDON | ||
| 650 | _aSHEDS | ||
| 650 | _aWEST LONDON | ||
| 650 | _aPROPERTY-COMMERCIAL PROPERTY-OFFICE PROPERTY-OFFICE PROPERTY MARKET | ||
| 650 | _aINDUSTRIAL MARKET | ||
| 650 | _aPROPERTY-COMMERCIAL PROPERTY-RETAIL PROPERTY-RETAIL PROPERTY MARKET | ||
| 650 | _aHEATHROW | ||
| 650 | _aHOUNSLOW | ||
| 650 | _aUXBRIDGE | ||
| 650 | _aNORTHOLT | ||
| 650 | _aFELTHAM | ||
| 690 | _aPROPERTY-COMMERCIAL PROPERTY-COMMERCIAL PROPERTY MARKET | ||
| 942 | _n0 | ||
| 999 |
_c72535 _d72535 |
||